| 000 | 00823nam a22002297a 4500 | ||
|---|---|---|---|
| 999 |
_c18547 _d18547 |
||
| 003 | AR-CdUCM | ||
| 008 | 190311b ||||| |||| 00| 0 spa d | ||
| 040 |
_aMUNICIPALIDAD PROVINCIAL DEL CUSCO _cBIBLIOTECA MUNICIPAL DEL CUSCO |
||
| 082 |
_a342.1 / _bB35 |
||
| 100 |
_aBelaunde, Victor Andres _93675 |
||
| 245 | _aLa constitución inicial del Perú ante el derecho internacional / | ||
| 260 |
_aLima : _bTorres Aguirre, _c1942. |
||
| 300 |
_a468 páginas ; _c25 cm. |
||
| 505 | _aTumbes jura la independencia -- Jaén jura la independencia del Perú -- Maynas jura la independencia del Perú... | ||
| 650 |
_aTumbes. _915428 |
||
| 650 |
_aJaén. _914996 |
||
| 650 |
_aIndependencia. _9625 |
||
| 650 |
_aMaynas. _915429 |
||
| 650 |
_aConstitución del 1823. _915430 |
||
| 942 |
_2ddc _cLIBROS |
||
| 945 |
_apjha _d2019-05-14 |
||